00954 a2200193 45000010006000000050017000060080041000230030015000640400040000790800077001192450096001960200022002922640032003143000019003465050172003650410008005371000057005458560158006023023320260407155614.0260407a2014 arg spa dAR-UNSa-BCEJYS aAR-UNSa-BCEJYSbspacAR-UNSa-BCEJYS a311.3xOrganización general de las estadisticas. Estadística oficial10aLa confidencialidad de la información en la estadística públicapaspectos jurídicos a978-950-896-444-1 1aBuenos Aires :bINDECc2014 a185 p.c25 cm. a1. Las normas - 2. Marco constitucional y doctrinario - 3. Comparaciones y vinculaciones con otros institutos jurídicos - 4. Las sanciones penales y la exoneración aspa1 aInstituto Nacional de Estadística y Censos (INDEC)41uhttps://biblioeco.unsa.edu.ar/pmb/images/libros/La Confidencialidad de la Informacion en la Estadistica Publica-D00002.jpgyImagen de portadaqimage/jpeg